Образ Христа в творчестве Достоевского: размышления

Библиографические подробности
Главный автор: Кириллова И. А. Ирина Арсеньевна
Примечания:Ирина Арсеньевна Кириллова, профессор Кембриджского университета, — один из ведущих специалистов по творчеству Ф.М. Достоевского, автор воспоминаний о митрополите Антонии Сурожском. В основу книги легли лекции, прочитанные автором во многих городах России, которые посвящены анализу связи произведений великого русского писателя с христианскими ценностями.
Язык:русский
Опубликовано: Москва, Центр книги Рудомино, 2011
Предметы:
Формат: MixedMaterials Книга
Запись в KOHA:https://koha.lib.tpu.ru/cgi-bin/koha/opac-detail.pl?biblionumber=252701

MARC

LEADER 00000nam0a2200000 4500
001 252701
005 20241023145601.0
010 |a 9785738003530 
035 |a (RuTPU)RU\TPU\book\275051 
090 |a 252701 
100 |a 20140305d2011 km y0rusy50 ca 
101 0 |a rus 
102 |a RU 
105 |a y z 000zy 
200 1 |a Образ Христа в творчестве Достоевского  |e размышления  |f И. А. Кириллова 
210 |a Москва  |c Центр книги Рудомино  |d 2011  
215 |a 158 с. 
330 |a Ирина Арсеньевна Кириллова, профессор Кембриджского университета, — один из ведущих специалистов по творчеству Ф.М. Достоевского, автор воспоминаний о митрополите Антонии Сурожском. В основу книги легли лекции, прочитанные автором во многих городах России, которые посвящены анализу связи произведений великого русского писателя с христианскими ценностями. 
600 1 |a Достоевский  |g Федор Михайлович  |f 1821-1881  |c русский писатель  |b Ф. М.  |2 stltpush  |3 (RuTPU)RU\TPU\pers\1038 
606 1 |a Русская литература, дореволюционная  |x История и критика  |2 stltpush  |3 (RuTPU)RU\TPU\subj\26372  |9 50315 
610 1 |a русская литература 
610 1 |a литературные произведения 
610 1 |a творчество 
610 1 |a духовная символика 
610 1 |a христианство 
610 1 |a христианские святые 
610 1 |a святые 
610 1 |a литературный анализ 
610 1 |a юродство 
610 1 |a литературная критика 
610 1 |a литературоведение 
675 |a 8Р1(092)  |v 3 
700 1 |a Кириллова  |b И. А.  |g Ирина Арсеньевна 
801 1 |a RU  |b 63413507  |c 20140305 
801 2 |a RU  |b 63413507  |c 20140404  |g RCR 
942 |c BK